000 003960000a22001570004500
001 004937
003 MACL
040 _aMACL
090 _c16930
_d16929
100 _aChampakalakshmi, R.
245 _aTradition, Dissent And Ideology
_bEssay In Honour Of Romila Thapar
_cR. Champakalakshmi
260 _aOxford University Press,
_c1996
350 _a495
650 _aBiology
942 _k145
_cBook
999 _c16820
_d16820